LEADER 01306naa a2200253 u 4500 001 000000103180 003 CaOOAMICUS 005 20070226130214.0 008 061013s2006 it u000 u ita u 020 $a8815113517 035 $a11103410 040 $aIAR$bita 100 1 $aFoa, Anna.$0(OLS)http://pul/name/48775 245 13$aLe due leggende :$bRiflessioni sulla storiografia su Pio XII e gli ebrei /$cAnna Foa. 260 $aBologna :$bIl Mulino,$c2006. 300 $aS. 319-332 ;$c24 cm 500 $aIAR: FF-61.31 730 0 $aAnnali dell'Istituto storico italo-germanico in Trento = Jahrbuch des Italienisch-Deutschen Historischen Instituts in Trient$g[Spogli].$0(OLS)http://pul/title/8676 773 0 $aJahrbuch des italienisch-deutschen historischen Instituts in Trient.$g31 (2005) 773 0 $aAnnali dell'Istituto storico italo-germanico in Trento.$g31 (2005) 773 0 $aIstituto storico italo-germanico.$tAnnali dell'Istituto storico italo-germanico in Trento = Jahrbuch des Italienisch-Deutschen Historischen Instituts in Trient$w()5918 996 $6020$a8815113517$9(OLS)http://pul/number/132794 996 $6245$aLe due leggende :$bRiflessioni sulla storiografia su Pio XII e gli ebrei$9(OLS)http://pul/title/130087 996 $6260$aBologna :$bIl Mulino$9(OLS)http://pul/publisher/47928 LEADER 01416nam a2200301 a 4500 001 000000165677 003 CaOOAMICUS 005 20180205104035.0 008 180205s2017 gw u001 u eng r 020 $z9783161544774* 032 $aLibriCat 040 $aPUL$bita 245 00$aDelightful acts :$bnew essays on canonical and non-canonical acts /$cedited by Harold W. Attridge, Dennis R. MacDonald, and Clare K. Rothschild. 260 $aTübingen :$bMohr Siebeck,$c©2017. 300 $aXVI, 304 p. ;$c24 cm. 490 1 $aWissenschaftliche Untersuchungen zum Neuen Testament ;$v391 504 $aInclude riferimenti bibliografici e indici. 700 1 $aAttridge, Harold W.,$d1946-$0(OLS)http://pul/name/12510 700 1 $aRothschild, Clare K.,$d1964-$0(OLS)http://pul/name/54141 700 1 $aMacDonald, Dennis Ronald.$0(OLS)http://pul/name/106774 830 0$aWissenschaftliche Untersuchungen zum Neuen Testament ;$v391.$0(OLS)http://pul/title/8628 850 $aPUL 852 $aPUL$W1$xSL Religione 1$y3$m16 H 391$j190022$qStampati$B193027$CPULBib$Z2$F193027 $H130431 $81 941 1 $a8 996 $6020$z9783161544774*$9(OLS)http://pul/number/163368 996 $6245$aDelightful acts :$bnew essays on canonical and non-canonical acts$9(OLS)http://pul/title/205368 996 $6260$aTübingen :$bMohr Siebeck$9(OLS)http://pul/publisher/52004 LEADER 01460nam a2200301 a 4500 001 000000105321 003 CaOOAMICUS 005 20070528101826.0 008 070528s1997 it 001 u ita d 020 $a88-311-3134-6 040 $aPUG$bita$dPUL$dLDB 041 1 $aita$hlat 100 0 $aHilarius,$cs., vesc. di Poitiers,$dc. 315-367.$0(OLS)http://pul/name/6908 245 10$aContro l'imperatore Costanzo /$cIlario di Poitiers ; traduzione, introduzione e note a cura di Luigi Longobardo. 260 $aRoma :$bCittà Nuova,$cc1997. 300 $a89 p. ;$c21 cm 490 1 $aCollana di testi patristici ;$v134 700 1 $aLongobardo, Luigi,$d1951-$0(OLS)http://pul/name/374 700 0 $aHilarius,$cs., vesc. di Poitiers,$dc. 315-367.$tContra Constantium imperatorem.$0(OLS)http://pul/nameTitle/412$0(OLS)http://pul/name/6908$0(OLS)http://pul/title/132517 830 0$aCollana di testi patristici ;$v134.$0(OLS)http://pul/title/17027 850 $aPUL 852 $aPUL$W1$xSL Cons. Gen., Altre Classi 1$y1$m2000 E 134$j118030$qStampati$B117947$CPULBib$Z2$F117947 $H76577 $82 900 $aIlario di Poitiers,$cs.,$dc. 315-367$96908 900 $aIlario di Poitiers,$cs.,$dc. 315-367$96908 941 1 $a8 996 $6020$a88-311-3134-6$9(OLS)http://pul/number/134555 996 $6245$aContro l'imperatore Costanzo$9(OLS)http://pul/title/132516 996 $6260$aRoma :$bCittà Nuova$9(OLS)http://pul/publisher/47927